000 00925cam a22002531 4500
001 w 07000132
003 DLC
005 20260227112805.0
008 720216s1907 xx 000 0 eng
010 _aw 07000132
035 _a(OCoLC)243185
040 _aDLC
_cOYU
_dDLC
050 0 0 _aPR166
_b.D3
100 1 _aDale, Edmund.
245 1 0 _aNational life and character in the mirror of early English literature;
_cby Edmund Dale ...
260 _aCambridge,
_bUniversity press,
_c1907.
300 _axiii, 337 p.
650 0 _aEnglish literature
_yOld English, ca. 450-1100
_xHistory and criticism.
650 0 _aEnglish literature
_yMiddle English, 1100-1500
_xHistory and criticism.
651 0 _aEngland
_xSocial life and customs
_y1066-1485.
651 0 _aEngland
_xSocial life and customs
_yTo 1066.
651 0 _aGreat Britain
_xIntellectual life
_y1066-1485.
651 0 _aGreat Britain
_xIntellectual life
_yTo 1066.
999 _c91813
_d91813